Statistics for Mostly-American Candy Logos

Click here to take the quiz!

General Stats

  • This quiz has been taken 10,942 times
  • The average score is 12 of 16

Answer Stats

Answer % Correct
Snickers
100%
Twix
98%
Kit Kat
96%
Skittles
95%
Hershey's
90%
Reese's
86%
Toblerone
84%
Nestle Crunch
78%
Cadbury
76%
Smarties
74%
Payday
62%
York
53%
Jelly Belly
47%
Whoppers
46%
Tootsie Roll
44%
Lemonheads
33%

Score Distribution

Percentile by Number Answered

Percent of People with Each Score

Your Score History

You have not taken this quiz